00449 2200157 4500245007000000020002200070250001100092100001600103650004200119005001900161260003600180041001400216084001000230490004200240336000900282 aKamus Lengkap Flora - Fauna Indonesia Volume 4cBudi SuhonohText a978-602-7943-16-2 aCet. 1 aBudi Suhono aKamus Lengkap Flora - Fauna Indonesia a20231108140743 aJakartabPT Kharisma Ilmuc2013 aIndonesia a580.3 aKamus Lengkap Flora - Fauna Indonesia atext